[Event "National Open 2012"]
[Site "Las Vegas USA"]
[Date "2012.06.16"]
[Round "4"]
[White "Foisor,S"]
[Black "Mascarenhas,Alb"]
[Result "1-0"]
[WhiteElo "2364"]
[BlackElo "2246"]

1.d4 Nf6 2.Bg5 c5 3.Bxf6 gxf6 4.d5 Qb6 5.Qc1 Bh6 6.e3 f5 7.Nd2 Qf6 8.g3 e5
9.c3 d6 10.Qc2 O-O 11.O-O-O a6 12.Ne2 b5 13.Rg1 Kh8 14.f4 Nd7 15.h3 Nb6 16.Bg2 Qe7
17.Nf1 Nc4 18.Kb1 Re8 19.Bf3 Bd7 20.Nc1 Rac8 21.Be2 Nb6 22.Bd3 e4 23.Be2 c4
24.g4 Rc5 25.gxf5 Nxd5 26.Bg4 Nf6 27.Ng3 d5 28.Rd2 Rcc8 29.Qd1 b4 30.Nce2 Bg7
31.Nh5 Nxh5 32.Bxh5 bxc3 33.Nxc3 Bxc3 34.bxc3 Rb8+ 35.Rb2 Rxb2+ 36.Kxb2 Rb8+
37.Ka1 Qf6 38.Qd2 Rg8 39.Rc1 Bc6 40.Bg4 Rb8 41.Rb1 Rxb1+ 42.Kxb1 Kg7 43.Kc1 Bd7
44.Kd1 Bc6 45.Ke2 a5 46.Qb2 Qd8 47.Qa3 f6 48.Qc5 Be8 49.Kf2 Bf7 50.Bd1 Be8
51.Qa7+ Kg8 52.Be2 Kh8 53.Qd4 Bb5 54.Qc5 Ba4 55.Bh5 Kg8 56.Qa7 Bd7 57.Qb7 Bxf5
58.Bf7+ Kh8 59.h4 Bc8 60.Qxd5 Qxd5 61.Bxd5 f5 62.Bxc4 Kg7 63.Ke2 Kf6 64.Kd2 Ke7
65.Kc2 Kd6 66.Kb3 Kc5 67.Bf7 Bd7 68.Bg8 h6 69.Bf7 Bc8 70.Ka4 Kb6 71.Be8 Be6
72.a3 Bc4 73.Bd7 Be2 74.Kb3 Bg4 75.Kc4  1-0

[Event "16th Voronezh Master Open"]
[Site "Voronezh RUS"]
[Date "2012.06.18"]
[Round "6.39"]
[White "Chernyshova,N"]
[Black "Zhurikhin,A"]
[Result "0-1"]
[WhiteElo "2071"]
[BlackElo "2272"]

1.d4 Nf6 2.Bg5 d5 3.Nf3 c5 4.c3 Nc6 5.e3 Ne4 6.Bh4 f6 7.Nfd2 Nxd2 8.Nxd2 Qb6
9.b4 cxb4 10.c4 Be6 11.cxd5 Bxd5 12.Qg4 b3 13.axb3 Bf7 14.Bc4 h5 15.Bxf7+ Kxf7
16.Qf3 Qb5 17.Ne4 Nb4 18.Qe2 Qc6 19.Qc4+ Qxc4 20.bxc4 Nc2+ 21.Kd2 Nxa1 22.Rxa1  0-1

[Event "16th Voronezh Master Open"]
[Site "Voronezh RUS"]
[Date "2012.06.19"]
[Round "7.20"]
[White "Mozharov,M"]
[Black "Belyakov,B"]
[Result "1/2-1/2"]
[WhiteElo "2493"]
[BlackElo "2312"]

1.d4 Nf6 2.Bg5 g6 3.Bxf6 exf6 4.e3 Bg7 5.g3 d5 6.Bg2 c6 7.Ne2 O-O 8.Nd2 Re8
9.O-O Na6 10.c4 dxc4 11.Nxc4 Bg4 12.Re1 Qd7 13.Qb3 Be6 14.Qc3 Bd5 15.b4 Bf8
16.a3 Nc7 17.Rac1 h5 18.h4 Bh6 19.Qd3 Rad8 20.Nc3 Bxg2 21.Kxg2 Bf8 22.Red1 f5
23.Qe2 Nd5 24.Nxd5 Qxd5+ 25.Kg1 Bg7 26.Na5 Rd7 27.Qc4 Qf3 28.Nb3 Rxe3 29.fxe3 Qxg3+  1/2-1/2

[Event "Paleros Open"]
[Site "Paleros GRE"]
[Date "2012.06.20"]
[Round "6"]
[White "Athanasiadis,A"]
[Black "Brzezinski,A"]
[Result "0-1"]
[WhiteElo "2060"]
[BlackElo "2095"]

1.d4 Nf6 2.Bg5 d5 3.e3 c5 4.Bd3 Nc6 5.c3 e5 6.dxe5 Nxe5 7.Bb5+ Bd7 8.Bxf6 gxf6
9.Be2 Bc6 10.Nf3 Rg8 11.Rg1 Qb6 12.Qb3 d4 13.Nh4 O-O-O 14.Qxb6 axb6 15.g3 dxe3
16.f4 Nd3+ 17.Bxd3 Rxd3 18.a4 c4 19.a5 b5 20.a6 bxa6 21.Rxa6 Kb7 22.Ra2 Bc5
23.Ke2 Rgd8 24.b4 Bb6 25.g4 Re8 26.Na3 Rd2+  0-1

[Event "65th ch-RUS HL"]
[Site "Tyumen RUS"]
[Date "2012.06.21"]
[Round "6"]
[White "Temirkanov,D"]
[Black "Rychkov,O"]
[Result "1/2-1/2"]
[WhiteElo "2334"]
[BlackElo "2271"]

1.d4 Nf6 2.Bg5 d5 3.Bxf6 exf6 4.e3 Bd6 5.c4 dxc4 6.Bxc4 O-O 7.Nf3 Nd7 8.Qc2 Re8
9.Nc3 c6 10.O-O Nf8 11.Qb3 Re7 12.Rac1 Ng6 13.Rfd1 Bg4 14.Be2 Qa5 15.d5 c5
16.Nb5 Qd8 17.Nxd6 Qxd6 18.Qc4 Bxf3 19.Bxf3 b6 20.Be2 Rd8 21.Rd2 f5 22.g3 Ne5
23.Qf4 g6 24.h4 Qf6 25.b4 Rc7 26.bxc5 Rxc5 27.Rxc5 bxc5 28.Qa4 Qb6 29.d6 c4
30.Rd5 Qb2 31.Qa5 Nc6 32.Qc7 Qxe2 33.Qxc6 Rb8 34.Rb5 Qd1+ 35.Kg2 Rxb5 36.Qxb5 Qxd6
37.Qxc4 Qe7 38.Qc8+ Kg7 39.Qc3+ f6 40.Kg1 Qb7 41.Qc4  1/2-1/2

[Event "16th Voronezh Master Open"]
[Site "Voronezh RUS"]
[Date "2012.06.21"]
[Round "9.11"]
[White "Ponkratov,P"]
[Black "Belyakov,B"]
[Result "1-0"]
[WhiteElo "2590"]
[BlackElo "2312"]

1.d4 Nf6 2.Bg5 g6 3.Nc3 d5 4.Bxf6 exf6 5.e3 c6 6.Bd3 Bg7 7.Nf3 Bg4 8.h3 Bxf3
9.Qxf3 f5 10.g4 fxg4 11.hxg4 Nd7 12.O-O-O Qf6 13.Qg3 O-O-O 14.Kb1 Nb6 15.Ne2 h6
16.c3 Qd6 17.Qf3 Qf6 18.Qh3 Kb8 19.f3 Ka8 20.e4 c5 21.e5 Qc6 22.f4 Na4 23.Bc2 Qb5
24.Bxa4 Qxe2 25.f5 cxd4 26.cxd4 h5 27.Rhe1 Qa6 28.Qb3 gxf5 29.gxf5 Bf8 30.f6 h4
31.Rh1 h3 32.Bb5 Qa5 33.Rh2 Rh4 34.Bf1 Re4 35.Rxh3 Re1 36.Rc3 Rxd1+ 37.Qxd1 a6
38.Be2 Bb4 39.Rb3 Rc8 40.Rd3 Rg8 41.a3 Bf8 42.Bh5 Qb5 43.Qb3 Qd7 44.Bf3 Rg3
45.Ka2 Bh6 46.Rc3 Bd2 47.Qxd5 Qxd5+ 48.Bxd5 Rxc3 49.bxc3 Bxc3 50.e6 Bxd4
51.e7  1-0

[Event "TCh-POR Div 1 Final"]
[Site "Matosinhos POR"]
[Date "2012.06.22"]
[Round "2.4.2"]
[White "Ftacnik,L"]
[Black "Cabezas Ayala,I"]
[Result "1-0"]
[WhiteElo "2516"]
[BlackElo "2310"]

1.d4 Nf6 2.Bg5 c5 3.dxc5 e6 4.Nd2 Bxc5 5.e3 d5 6.Ngf3 O-O 7.Bd3 Nc6 8.O-O e5
9.e4 dxe4 10.Nxe4 Be7 11.Qe1 Nh5 12.Rd1 Qc7 13.Nc3 Bxg5 14.Nxg5 Qe7 15.Bxh7+ Kh8
16.h4 f6 17.Nd5 Qc5 18.Ne4 Qxc2 19.Nexf6 Qa4 20.Nxh5 Kxh7 21.f3 Bf5 22.Qg3 Rf7
23.Qg5 Raf8 24.Ndf6+ gxf6 25.Qxf5+ Kh6 26.g4 Nd4 27.Qe4 Rg8 28.Nxf6 Rxf6
29.g5+ Kg7 30.gxf6+ Kf8+ 31.Kh1 Qd7 32.Qxe5  1-0

[Event "Teplice Open 2012"]
[Site "Teplice CZE"]
[Date "2012.06.24"]
[Round "9.35"]
[White "Majerik,V"]
[Black "Smolik,Boris"]
[Result "1/2-1/2"]
[WhiteElo "1856"]
[BlackElo "1978"]

1.d4 d5 2.Bg5 Nf6 3.Bxf6 exf6 4.e3 Bd6 5.Bd3 O-O 6.Nd2 c6 7.Ne2 f5 8.O-O Qc7
9.g3 Be6 10.c4 dxc4 11.Bxc4 Bxc4 12.Nxc4 Nd7 13.Nxd6 Qxd6 14.Qb3 Rab8 15.Rac1 g6
16.Nf4 Nf6 17.Rfd1 Rfd8 18.a3 Nd5 19.Nxd5 Qxd5 20.Qxd5 Rxd5 21.Kg2 Kg7 22.Kf3 Kf6
23.Ke2 Ke6 24.Rc2 f6 25.Rdc1 a6 26.Rc5 Rbd8 27.b4 Ke7 28.Rxd5 Rxd5 29.Kd3 Kd6
30.Ke2 Ke6 31.Kd3 Kd6  1/2-1/2

[Event "62nd ch-RUS HL w"]
[Site "Tyumen RUS"]
[Date "2012.06.25"]
[Round "9"]
[White "Kabanova,E"]
[Black "Korchagina,V"]
[Result "1-0"]
[WhiteElo "2164"]
[BlackElo "2098"]

1.d4 Nf6 2.Bg5 d5 3.Nd2 e6 4.e4 Be7 5.e5 Nfd7 6.Bxe7 Qxe7 7.Ngf3 c5 8.c3 b6
9.a3 c4 10.Be2 O-O 11.O-O Nc6 12.Ne1 b5 13.f4 Nb6 14.Nc2 a5 15.Ne3 b4 16.Bf3 Bd7
17.f5 Qg5 18.Qe2 Na4 19.fxe6 fxe6 20.axb4 axb4 21.Nxd5 exd5 22.Rxa4 Be6 23.Rfa1 Rxa4
24.Rxa4 bxc3 25.bxc3 Rb8 26.Ra2 Qf4 27.g3 Qf7 28.Bg4 Bxg4 29.Qxg4 Rf8 30.Qe2 Qe6
31.Kg2 Nd8 32.Ra8 Qc6 33.Ra7 Qb6 34.Rd7 Qc6 35.Rd6 Qb7 36.e6 Re8 37.Nf3 Qa8
38.Qe5 Qa2+ 39.Kh3  1-0

[Event "e2e4 Buxton Open"]
[Site "Buxton ENG"]
[Date "2012.06.29"]
[Round "1"]
[White "Walton,A"]
[Black "Jones,Steven A"]
[Result "1/2-1/2"]
[WhiteElo "2179"]
[BlackElo "1923"]

1.d4 Nf6 2.Bg5 c5 3.d5 Ne4 4.Be3 Qb6 5.Qc1 e6 6.dxe6 dxe6 7.g3 Bd7 8.Bg2 Bc6
9.Nf3 Nd7 10.O-O Be7 11.Na3 Qa6 12.Re1 O-O 13.Bf4 b5 14.Nd2 Ndf6 15.Nxe4 Nxe4
16.Qe3 Nf6 17.Bxc6 Qxc6 18.c4 b4 19.Nc2 Rfd8 20.Red1 a5 21.Ne1 Nh5 22.Bg5 f6
23.g4 fxg5 24.gxh5 Bf6 25.Nf3 h6 26.Ne5 Qe8 27.Rxd8 Rxd8 28.Qxc5 Qxh5 29.Qe3 Bxe5
30.Qxe5 Qg4+ 31.Kf1 Qxc4 32.Qxa5 Rd2 33.Qe5 Qg4 34.Rc1 Rd5 35.Qe3 h5 36.a3 bxa3
37.bxa3 h4 38.a4 Kh7 39.Ra1 Ra5 40.Qd3+ Kh6 41.h3 Qf4 42.Qd8 Rf5 43.Qh8+ Kg6
44.Qe8+ Kh7 45.Qh5+ Kg8 46.f3 Qh2 47.Qe8+ Kh7 48.Qh5+ Kg8 49.Qe8+ Kh7 50.Qh5+  1/2-1/2

[Event "20th Montcada Open"]
[Site "Montcada i Reixac ESP"]
[Date "2012.06.29"]
[Round "5.10"]
[White "Alarcon Casellas,Rol"]
[Black "Munoz Pantoja,M"]
[Result "1-0"]
[WhiteElo "2417"]
[BlackElo "2484"]

1.d4 Nf6 2.Bg5 c5 3.Nc3 d5 4.Bxf6 exf6 5.e3 Nc6 6.dxc5 Be6 7.Nb5 Bxc5 8.c3 a6
9.Nd4 Nxd4 10.exd4 Bd6 11.Bd3 O-O 12.Ne2 Qc7 13.Qc2 g6 14.h4 h5 15.Kf1 Kg7
16.g3 f5 17.Qd2 Rfe8 18.Kg2 Bd7 19.Rhe1 Re6 20.f4 Rae8 21.Ng1 Rxe1 22.Rxe1 Rxe1
23.Qxe1 Qa5 24.a3 Qb6 25.Qe2 Qc7 26.Nf3 b5 27.Nh2 Qb7 28.Nf1 a5 29.b4 axb4
30.axb4 Qc6 31.Qb2 f6 32.Ne3 Be6 33.Qc2 Bc7 34.Be2 Qd7 35.Qd3 Qc6 36.Qxb5 Qxc3
37.Nxd5 Bxd5+ 38.Qxd5 Qd2 39.Qd7+ Kh6 40.Qe8 Kg7 41.Qe7+ Kh6 42.Kh3 Qe1 43.Qf8+ Kh7
44.Qf7+ Kh6 45.Bf3 Bxf4 46.gxf4 Qf1+ 47.Bg2 Qxf4 48.Qxf6 Qe3+ 49.Kh2 Qf4+
50.Kg1 Qe3+ 51.Kf1 Qc1+ 52.Kf2 Qd2+ 53.Kf3 Qd3+ 54.Kf4 Qd2+ 55.Ke5 Qe2+ 56.Kd6  1-0

[Event "40th TCh-GRE 2012"]
[Site "Achaea GRE"]
[Date "2012.06.30"]
[Round "1.6"]
[White "Sedlak,N"]
[Black "Dounis,A"]
[Result "1/2-1/2"]
[WhiteElo "2556"]
[BlackElo "2262"]

1.d4 Nf6 2.Bg5 d5 3.Bxf6 gxf6 4.e3 c5 5.Nc3 e6 6.Qh5 cxd4 7.exd4 Nc6 8.Bb5 Bd7
9.Nge2 a6 10.Bxc6 Bxc6 11.Nf4 Qd6 12.Nd3 Qc7 13.O-O O-O-O 14.a4 Be8 15.a5 Kb8
16.Rfc1 Bd6 17.h3 Rg8 18.Na4 Qc4 19.Qxh7 Bxa4 20.b3 Qc7 21.Rxa4 Rh8 22.Qg7 Rdg8
23.Qxf6 Rxh3 24.Ne5 Rh7 25.Raa1 Qc3 26.Nf3 Rhg7 27.Ne1 Ka7 28.Kf1 Rg4 29.Qf3 Qxd4
30.Ra4 Qg7 31.Rxg4 Qxg4 32.Qxg4 Rxg4 33.Nd3  1/2-1/2

[Event "ch-Pan Americano U20 2012"]
[Site "Sao Paulo BRA"]
[Date "2012.06.30"]
[Round "2.18"]
[White "Japiassu,R"]
[Black "Mandetta,J"]
[Result "0-1"]
[WhiteElo "1903"]
[BlackElo "2132"]

1.d4 Nf6 2.Bg5 g6 3.Bxf6 exf6 4.c4 f5 5.e3 b6 6.Nc3 Bb7 7.d5 Bg7 8.Nge2 O-O
9.g3 c5 10.Bg2 d6 11.O-O Na6 12.Rb1 Nc7 13.a3 Ba6 14.Qd3 Rb8 15.Nb5 Bxb5
16.cxb5 a6 17.a4 axb5 18.axb5 Qd7 19.Nc3 Ra8 20.Rfc1 Ra5 21.Bf1 Rfa8 22.Qc4 Bxc3
23.bxc3 Qe8 24.Qd3 Qe5 25.c4 Ra3 26.Rb3 Ra2 27.Qc3 Qe4 28.Bg2 Qg4 29.Rb2 R2a3
30.Rb3 R3a4 31.Rbb1 Qe2 32.Rb2 Qh5 33.Rbb1 Ra3 34.Rb3 Rxb3 35.Qxb3 Qe2 36.Qc2 Qxc2
37.Rxc2 Ra7 38.Bf1 Ne8 39.Kg2 Nf6 40.f3 Nd7 41.h3 Kg7 42.g4 Kf6 43.f4 g5
44.Bd3 fxg4 45.hxg4 Ra3 46.Bf5 Nf8 47.Kf3 Ng6 48.Bxg6 hxg6 49.Ke4 gxf4 50.exf4 g5
51.Rc1 Rg3 52.fxg5+ Kxg5 53.Ra1 Kxg4 54.Rf1 Rc3 55.Rf6 Kg5 56.Rxd6 f5+  0-1

[Event "40th TCh-GRE 2012"]
[Site "Achaea GRE"]
[Date "2012.07.01"]
[Round "2.2"]
[White "Papadakis,M"]
[Black "Banikas,H"]
[Result "1/2-1/2"]
[WhiteElo "2211"]
[BlackElo "2626"]

1.d4 Nf6 2.Bg5 d5 3.Bxf6 gxf6 4.c4 dxc4 5.e3 Rg8 6.Nc3 Nd7 7.Qh5 Nb6 8.Qxh7 Rg6
9.Nge2 Qd6 10.O-O-O f5 11.Nf4 Rh6 12.Qg8 Bd7 13.Be2 Qf6 14.Nh5 Qg6 15.Qxg6 fxg6
16.Nf4 e6 17.h4 Bd6 18.Bf3 c6 19.g3 Ke7 20.Nh3 e5 21.dxe5 Bxe5 22.Kc2 Rd8
23.Bg2 Be6 24.Rxd8 Kxd8 25.Rd1+ Ke7 26.Ng5 Rh8 27.Rd2 Re8 28.Nxe6 Kxe6 29.Bf3 Nd7
30.Be2 b5 31.Bf3 Rc8 32.e4 Nc5 33.exf5+ gxf5 34.g4 Nd3 35.gxf5+ Kf6 36.Bg4 Rd8
37.a3 a5 38.Ne4+ Ke7 39.f6+ Bxf6 40.Nxf6 Kxf6 41.Be2 Ne1+ 42.Kd1 Nd3 43.Kc2 Ne1+
44.Kd1  1/2-1/2

[Event "20th Montcada Open"]
[Site "Montcada i Reixac ESP"]
[Date "2012.07.01"]
[Round "7.4"]
[White "Lopez Martinez,Josep"]
[Black "Hernandez Carmenates,Hold"]
[Result "1/2-1/2"]
[WhiteElo "2506"]
[BlackElo "2570"]

1.d4 Nf6 2.Bg5 d5 3.e3 c6 4.Bxf6 exf6 5.Nd2 f5 6.g3 Nd7 7.Ne2 Be7 8.Bg2 h5
9.c4 Nf6 10.h4 dxc4 11.Nxc4 Be6 12.Qd3 Nd5 13.a3 a5 14.Rc1 O-O 15.O-O Nb6
16.Nxb6 Qxb6 17.Nf4 Qxb2 18.Rc3 Qb5 19.Qc2 a4 20.Nxe6 fxe6 21.Rb1 Qa6 22.Bf1 Qa7
23.Bc4 Rf6 24.Qa2 Kf7 25.Qb2 Rb8 26.Be2 g6 27.Rxc6 bxc6 28.Qxb8 Qxb8 29.Rxb8 c5
30.Ra8 cxd4 31.exd4 Bxa3 32.Rxa4 Bb2 33.Bd1 e5 34.Bb3+ Kf8 35.Ra8+ Kg7 36.Ra7+  1/2-1/2

[Event "20th Montcada Open"]
[Site "Montcada i Reixac ESP"]
[Date "2012.07.01"]
[Round "7.9"]
[White "Ibarra Jerez,JC"]
[Black "Guerra Mendez,J"]
[Result "1/2-1/2"]
[WhiteElo "2523"]
[BlackElo "2434"]

1.d4 Nf6 2.Bg5 d5 3.e3 c5 4.Bxf6 gxf6 5.Nc3 Nc6 6.Qh5 cxd4 7.exd4 e6 8.O-O-O Bd7
9.f4 Bb4 10.Nge2 f5 11.h3 Qf6 12.Qf3 h5 13.Qd3 O-O-O 14.Na4 Na5 15.a3 Nc4
16.Qb3 Bd6 17.Nc5 Bxc5 18.dxc5 Qe7 19.Qb4 a5 20.Qc3 Qxc5 21.Nd4 Qc7 22.Bxc4 dxc4
23.Kb1 Rhg8 24.g3 Ba4 25.Rhe1 Rd5 26.Ne2 Rgd8 27.Rxd5 Rxd5 28.Qe3 Bc6 29.Nc3 Rd8
30.Qc5 Bg2 31.Qf2 Bc6 32.Qc5 Bg2 33.Qf2 Bc6  1/2-1/2

[Event "ch-Pan Americano U20 2012"]
[Site "Sao Paulo BRA"]
[Date "2012.07.02"]
[Round "7.19"]
[White "Japiassu,R"]
[Black "Sergio Filho,Claudio Santos"]
[Result "1-0"]
[WhiteElo "1903"]
[BlackElo "1902"]

1.d4 Nf6 2.Bg5 g6 3.Bxf6 exf6 4.c4 Bg7 5.Nc3 O-O 6.g3 d6 7.Bg2 Nc6 8.e3 Re8
9.Nge2 Bg4 10.h3 Bxe2 11.Nxe2 f5 12.O-O Qc8 13.Rb1 a5 14.Nc3 Nb8 15.Qa4 c6
16.b4 Qc7 17.b5 g5 18.bxc6 bxc6 19.Nd5 Qd8 20.Nb6 Ra6 21.Bxc6 Nxc6 22.Qxc6 f4
23.Qb7 Rxb6 24.Rxb6 fxe3 25.fxe3 Rxe3 26.Qxf7+ Kh8 27.Rb7 Qg8 28.Qxg8+ Kxg8
29.Rb8+  1-0

[Event "40th TCh-GRE 2012"]
[Site "Achaea GRE"]
[Date "2012.07.03"]
[Round "5.2"]
[White "Skembris,S"]
[Black "Iskos,A"]
[Result "1-0"]
[WhiteElo "2460"]
[BlackElo "2107"]

1.d4 Nf6 2.Bg5 c5 3.d5 d6 4.Nc3 g6 5.e4 Bg7 6.Bb5+ Bd7 7.a4 Qa5 8.Bd2 Qc7
9.Nf3 O-O 10.h3 e6 11.O-O exd5 12.exd5 Na6 13.Bxd7 Qxd7 14.Bf4 Nc7 15.Qd3 Rab8
16.Nd2 Rfd8 17.Nc4 b5 18.axb5 Nxb5 19.Nxb5 Rxb5 20.Ra6 Qf5 21.Qxf5 gxf5 22.Rd1 Rb4
23.b3 Ne4 24.Bxd6 Rxc4 25.Bc7 Rd7 26.bxc4 Rxc7 27.f3 Nf6 28.Rc6 Rd7 29.Rxc5 Bf8
30.Rc6 Kg7 31.d6 Ne8 32.c5 f6 33.Rc8 Kf7 34.Re1 Nxd6 35.cxd6 Bxd6 36.Kf1 Be5
37.Ke2 f4 38.c3 Ke6 39.Ra1 Rg7 40.Ra6+ Kf5 41.Kf1 Rb7 42.Ra2 Ke6 43.Ke2 Bc7
44.Re8+ Kd6 45.Re4 Kc5 46.Kd3 Be5 47.Rc4+ Kd5 48.Rca4 Rb3 49.R2a3 Rb2 50.Rxa7 Rxg2
51.R7a6 Bd6 52.c4+ Ke5 53.R3a5+  1-0

[Event "40th TCh-GRE 2012"]
[Site "Achaea GRE"]
[Date "2012.07.04"]
[Round "6.2"]
[White "Papadakis,M"]
[Black "Goumas,G"]
[Result "0-1"]
[WhiteElo "2211"]
[BlackElo "2402"]

1.d4 Nf6 2.Bg5 d5 3.Bxf6 gxf6 4.c4 dxc4 5.e3 c5 6.Bxc4 cxd4 7.exd4 Nc6 8.Ne2 Bg7
9.Nbc3 f5 10.d5 Ne5 11.Bb5+ Kf8 12.O-O a6 13.Bd3 Rg8 14.Kh1 Qd6 15.f4 Ng4
16.Qd2 Qb6 17.Ng1 Bd4 18.Nh3 Ne3 19.Rf2 Qa5 20.Bf1 Qc5 21.Rf3 Bxc3 22.bxc3 Nxd5
23.c4 Nf6 24.Qd8+ Kg7 25.Rg3+ Ng4 26.Qd2 Be6 27.Qb2+ Kh6 28.Re1 Rad8 29.Be2 Nf2+
30.Nxf2 Rxg3 31.hxg3 Qxf2 32.Rf1 Qe3 33.Kh2 Rd2 34.Qh8 Qxe2 35.Qf8+ Kh5 36.Rg1 Qg4
37.Rh1 Kg6 38.Qg8+ Kf6 39.Qh8+ Qg7 40.Qg8 Qg4 41.Qh8+ Kg6  0-1

[Event "86th ch-ARG 2012"]
[Site "La Plata ARG"]
[Date "2012.07.06"]
[Round "3.30"]
[White "Enciso,Franco"]
[Black "Benedetti,A"]
[Result "0-1"]
[WhiteElo "1523"]
[BlackElo "2026"]

1.d4 Nf6 2.Bg5 g6 3.Bxf6 exf6 4.g3 Bg7 5.e3 O-O 6.Bg2 f5 7.Nd2 d6 8.Ne2 Nd7
9.c4 c5 10.O-O Rb8 11.Rb1 a6 12.b4 cxd4 13.Nxd4 Ne5 14.Qc2 Bd7 15.b5 Qc7
16.Qb3 Rfc8 17.Rfc1 Qa5 18.Rc2 Be6 19.Nxe6 fxe6 20.c5 d5 21.a4 Bf8 22.Rbc1 Rxc5
23.Rxc5 Bxc5 24.Bxd5 exd5 25.Qxd5+ Nf7 26.Rxc5 Rd8 27.Qc4 Qxd2 28.bxa6 bxa6
29.Qxa6 Ng5 30.Kg2 Ne4 31.Qe6+ Kf8 32.Rxf5+ gxf5 33.Qxf5+ Kg7  0-1

[Event "ch-SLO w 2012"]
[Site "Ljubljana SLO"]
[Date "2012.07.06"]
[Round "7.4"]
[White "Kolaric,S"]
[Black "Unuk,Laura"]
[Result "0-1"]
[WhiteElo "2095"]
[BlackElo "1946"]

1.d4 Nf6 2.Bg5 g6 3.Bxf6 exf6 4.e3 Bg7 5.Nf3 O-O 6.Bd3 f5 7.O-O d5 8.Nbd2 Nd7
9.Rc1 Nf6 10.a3 Ne4 11.c3 g5 12.b4 g4 13.Ne1 Qg5 14.f4 Qg6 15.c4 c6 16.Bxe4 fxe4
17.g3 Qf5 18.Ng2 Bf6 19.Qe1 Kh8 20.Kh1 Rg8 21.Qf2 Rg6 22.Rc2 Rh6 23.Rfc1 Rh3
24.cxd5 cxd5 25.Rc7 Bd8 26.R7c3 h5 27.Kg1 Be6 28.Nf1 Bd7 29.R1c2 Bb5 30.Rc1 a5
31.bxa5 h4 32.Nxh4 Bxh4 33.gxh4 Bxf1 34.Kxf1 Rf3 35.Kg2 Rxf2+ 36.Kxf2 Rxa5
37.Kg3 Ra6 38.Rb1 Rh6 39.Rxb7 Qh5  0-1

[Event "35th Barbera Open A"]
[Site "Barbera del Valles ESP"]
[Date "2012.07.07"]
[Round "4.40"]
[White "Aranaz Portugues,J"]
[Black "Fernandez Aguilar,F"]
[Result "1-0"]
[WhiteElo "2189"]
[BlackElo "1946"]

1.d4 Nf6 2.Bg5 d5 3.e3 Ne4 4.Bf4 Bf5 5.Bd3 e6 6.f3 Nf6 7.Bxf5 exf5 8.Qd3 Qd7
9.Ne2 g6 10.Nd2 Bg7 11.Qa3 Na6 12.O-O Qe7 13.Qb3 Qb4 14.Qxb4 Nxb4 15.Rfc1 O-O
16.Bxc7 Rfc8 17.a3 Bh6 18.Nf1 Rxc7 19.axb4 Rac8 20.Nc3 a6 21.Ra3 Rc4 22.Na2 Rxc2
23.Rb1 Re2 24.Nc3 Rc2 25.Rb3 b5 26.Ra1 Rc6 27.h3 Kf8 28.f4 Ke7 29.Ng3 Ke6
30.Nge2 Bf8 31.Kf1 Ne4 32.Ke1 Nd2 33.Rba3 Nc4 34.Rxa6 Rxa6 35.Rxa6+ Kd7 36.Nxd5 Rxb2
37.Nec3 Bxb4 38.Nxb4 Rxb4 39.Ra7+ Ke6 40.d5+ Kd6 41.Rxf7 Rb3 42.Rf6+ Kd7
43.Nd1 Rb1 44.Ke2 b4 45.Rc6 Nd6 46.g4 fxg4 47.hxg4 Ne4 48.g5 Ra1 49.Kd3 Nxg5
50.Nb2 Nf3 51.Ke4 Nd2+ 52.Ke5 Nf3+ 53.Kf6 Re1 54.Nc4 h5 55.Nb6+  1-0

[Event "35th Barbera Open A"]
[Site "Barbera del Valles ESP"]
[Date "2012.07.07"]
[Round "4.3"]
[White "Alarcon Casellas,Rol"]
[Black "Peralta,Fe"]
[Result "0-1"]
[WhiteElo "2436"]
[BlackElo "2602"]

1.d4 Nf6 2.Bg5 d5 3.Bxf6 gxf6 4.e3 c5 5.c3 Qb6 6.Qc2 Nc6 7.Nf3 cxd4 8.exd4 e5
9.Be2 e4 10.Nh4 f5 11.g3 f4 12.gxf4 Bh3 13.Rg1 Qd8 14.Qb3 Qxh4 15.Qxb7 Rc8
16.Bb5 Bd7 17.Bxc6 Rxc6 18.Qb8+ Bc8 19.Qb5 Bd7 20.Qb8+ Ke7 21.Qb4+ Ke6 22.Qb8 Bg7
23.f5+ Ke7 24.Qb4+ Kf6 25.Rg3 Bh6 26.c4 Rb6 27.Qa3 Bxf5 28.Nc3 Rd8 29.c5 Rbb8
30.Ne2 Rdc8 31.h3 Be6 32.b4 Bf4 33.Nxf4 Qxf4 34.Rb1 Rg8 35.Rbb3 Rxg3 36.Rxg3 a5  0-1

[Event "NIKI Open 2012"]
[Site "Nachod CZE"]
[Date "2012.07.07"]
[Round "8.25"]
[White "Cermak,Mir"]
[Black "Martinovsky,M"]
[Result "1-0"]
[WhiteElo "1920"]
[BlackElo "1846"]

1.d4 Nf6 2.Bg5 c5 3.Bxf6 gxf6 4.d5 d6 5.e4 a6 6.c3 Qb6 7.Qc2 Nd7 8.f4 Bh6
9.g3 Nf8 10.Nd2 Bd7 11.Ngf3 Ng6 12.O-O-O O-O-O 13.Kb1 Kb8 14.Bd3 Qc7 15.Rhe1 Bg7
16.Re3 Bg4 17.Qa4 Qd7 18.Qb3 Ka7 19.Rde1 Bh6 20.a4 Qc7 21.Nc4 b6 22.e5 fxe5
23.Bxg6 hxg6 24.Ncxe5 dxe5 25.Nxe5 Bf5+ 26.Ka1 Bf8 27.g4 Bc8 28.Nc6+ Ka8
29.Nxd8 Qxd8 30.h3 Qd6 31.c4 Ka7 32.a5 bxa5 33.Qc3 Rh7 34.Qxa5 Qb6 35.Qa4 Bg7
36.R1e2 e6 37.f5 gxf5 38.gxf5 Bd4 39.Rb3 Qd6 40.Qe8 Bd7 41.Qd8 Rh8 42.Qg5 exf5
43.Re7 Re8 44.Rxe8 Bxe8 45.Qxf5 Qe5 46.Qc8 Qe1+ 47.Ka2 Qa5+ 48.Ra3 Qb6 49.Rb3 Qa5+
50.Ra3 Qb6 51.b3 Bb5 52.cxb5 Qxb5 53.Qc7+ Ka8 54.Qc6+ Qxc6 55.dxc6 Ka7 56.c7 Kb7
57.c8=Q+ Kxc8 58.Rxa6 Kd7 59.Kb1 f5 60.Kc2 Ke7 61.Kd3 Kf7 62.Rd6 Bg1 63.Ke2 f4
64.Kf3 Be3 65.Rd3 Bg1 66.Kxf4 Kg6 67.Rd5 Kf6 68.Rd6+ Kf7 69.Kf5 Bf2 70.Rd7+ Ke8
71.Ke6 Be3 72.h4 Kf8 73.h5 Kg8 74.Kf6 Bd4+ 75.Kg6 Kf8 76.h6 Bc3 77.h7 Ke8
78.Rc7 Bd4 79.h8=Q+ Bxh8 80.Rc8+  1-0

[Event "34th Oberwart Open A"]
[Site "Oberwart AUT"]
[Date "2012.07.07"]
[Round "1.6"]
[White "Natter,M"]
[Black "Kovacs,Ga2"]
[Result "0-1"]
[WhiteElo "2080"]
[BlackElo "2467"]

1.d4 Nf6 2.Bg5 d5 3.e3 c6 4.Bxf6 exf6 5.Nd2 Qb6 6.b3 Bb4 7.Ne2 Bf5 8.a3 Be7
9.g3 Nd7 10.Bg2 Qa6 11.Ra2 O-O 12.O-O Rad8 13.Re1 Rfe8 14.Nf4 Bb4 15.Nd3 Bc3
16.Bf1 Qa5 17.b4 Qa4 18.Qc1 Bxd3 19.Bxd3 Bxb4 20.c3 Ba5 21.Bc2 Qb5 22.Rb2 Qa6
23.Rb3 g6 24.Bd1 b6 25.Be2 Qc8 26.Rb1 b5 27.a4 a6 28.Qa3 Qc7 29.Ra1 Bb6 30.Bd3 f5
31.Nf3 Qb8 32.h4 Bc7 33.Kg2 Bd6 34.Qa2 Nf6 35.Ng5 Re7 36.axb5 axb5 37.Qa6 Rb7
38.Re2 Qc7 39.Rea2 Kg7 40.Qa5 Qe7 41.Qa6 Rdb8 42.Nf3 Rc7 43.Rc2 h6 44.Qa2 Nh5
45.Qb1 Qe6 46.Qd1 Re8 47.Ng1 Qc8 48.Qf3 Nf6 49.Rca2 Qb7 50.Ne2 Ree7 51.Ra8 Ne4
52.R1a2 Qxa8 53.Rxa8 Nd2 54.Rd8 Nxf3  0-1

[Event "2nd Polugaevsky Mem"]
[Site "Samara RUS"]
[Date "2012.07.07"]
[Round "3.44"]
[White "Gusev,Boris A"]
[Black "Rumyantsev,N"]
[Result "1/2-1/2"]
[WhiteElo "1956"]
[BlackElo "1742"]

1.d4 Nf6 2.Bg5 d5 3.Nd2 Ne4 4.Bh4 g6 5.f3 Nd6 6.e4 Bg7 7.c3 Be6 8.e5 Nf5
9.Bf2 h5 10.Qe2 c6 11.h4 Qd7 12.Nh3 Qc7 13.Ng5 Na6 14.Nxe6 fxe6 15.g4 Nh6
16.Qe3 Kd7 17.Rg1 Rag8 18.b4 Nb8 19.Bh3 hxg4 20.fxg4 g5 21.hxg5 Nf7 22.g6 Nxe5
23.Qg3 Nxg6 24.Qxc7+ Kxc7 25.Bg3+ e5 26.Bf1 Nd7 27.Nf3 Kc8 28.O-O-O e4 29.Ne1 Bh6+
30.Kc2 Bg5 31.Ng2 Rf8 32.Be2 Rh3 33.Be1 Rf7 34.a4 a6 35.b5 axb5 36.axb5 e5
37.bxc6 bxc6 38.Ra1 Nb8 39.Ra8 Kb7 40.Ra1 Nf4 41.Rf1 Rg7 42.Nxf4 exf4 43.Rg1 Rh2
44.Kd1 f3 45.Bxf3 exf3 46.Rb1+ Kc8 47.Rxb8+ Kxb8 48.Bg3+ Kb7 49.Bxh2 f2 50.Rf1 Bh4
51.Bf4 Rxg4 52.Be3 Ka6 53.Bxf2 Rf4 54.Ke2 Rxf2+ 55.Rxf2  1/2-1/2

[Event "8th RUS-CHN Summit Men Rapid"]
[Site "St Petersburg RUS"]
[Date "2012.07.07"]
[Round "1"]
[White "Vitiugov,N"]
[Black "Ding Liren"]
[Result "1-0"]
[WhiteElo "2703"]
[BlackElo "2680"]

1.d4 Nf6 2.Bg5 d5 3.e3 Ne4 4.Bf4 c5 5.Bd3 cxd4 6.exd4 Nc6 7.Bxe4 dxe4 8.Ne2 Bg4
9.Nbc3 e6 10.Nxe4 Bxe2 11.Qxe2 Nxd4 12.Qd3 Nc6 13.O-O-O Qxd3 14.Rxd3 e5 15.Be3 f5
16.Nd6+ Bxd6 17.Rxd6 Rd8 18.Rhd1 Rxd6 19.Rxd6 Rf8 20.Bc5 Rf6 21.Rxf6 gxf6
22.g3 Kd7 23.c4 b6 24.Be3 Nb4 25.a3 Nd3+ 26.Kc2 Ne1+ 27.Kc3 Nf3 28.h3 h5
29.b4 f4 30.gxf4 exf4 31.Bxf4 Ng1 32.Be3 Nxh3 33.f4 Ke6 34.Kd4 Kf5 35.c5 bxc5+
36.bxc5 Ke6 37.Ke4 Kd7 38.f5  1-0

[Event "7th Wroclaw Open A"]
[Site "Wroclaw POL"]
[Date "2012.07.07"]
[Round "6.12"]
[White "Kaunas,K"]
[Black "Kulas,S"]
[Result "1-0"]
[WhiteElo "2247"]
[BlackElo "2019"]

1.d4 Nf6 2.Bg5 g6 3.Bxf6 exf6 4.e3 Bg7 5.Ne2 O-O 6.Nf4 d5 7.c4 dxc4 8.Nc3 Nd7
9.Bxc4 f5 10.h4 Bh6 11.h5 Bxf4 12.exf4 Nf6 13.hxg6 hxg6 14.Qd3 Kg7 15.O-O-O c6
16.Qh3 Rh8 17.Qxh8+ Qxh8 18.Rxh8 Kxh8 19.Bxf7 Kg7 20.Bb3 Bd7 21.Re1 Re8 22.Rxe8 Nxe8
23.Kd2 Nd6 24.Na4 b6 25.Nc3 Kf6 26.Kd3 Kg7 27.a3 Bc8 28.Bd1 Ba6+ 29.Kc2 Bc8
30.Bf3 Bd7 31.Be2 Kf6 32.Nd1 Be6 33.Ne3 Bd5 34.f3 Ne8 35.Bc4 Ke6 36.b4 Nd6
37.Bxd5+ cxd5 38.a4 Ne8 39.b5 Ng7 40.Nf1 Kd6 41.Kd3 Ne6 42.g3 Nc7 43.Ne3 a6
44.bxa6 Nxa6 45.Nc2 Kc6 46.Kc3 Kd6 47.Nb4 Nb8 48.Nd3 Nd7 49.Ne5 Nf8 50.g4 Kc7
51.Kb4 Ne6 52.Nxg6 Nxd4 53.Nh4 Ne6 54.Nxf5 Nxf4 55.Nd4 Ng6 56.g5 Nf4 57.Kb5 Kb7
58.Nf5 Ng6 59.Ne3 d4 60.Nf5 d3 61.Nd6+ Kc7 62.Ne4 Nf4 63.Nd2 Ng6 64.Kc4 Nf4
65.Ne4 Kd7 66.Kc3 Ke6 67.Nf2 Kf5 68.Nxd3 Ne6 69.f4  1-0

[Event "6th LCT GpA 2012"]
[Site "Leiden NED"]
[Date "2012.07.08"]
[Round "3.16"]
[White "Iturbide Arnedo,O"]
[Black "Lalith,B"]
[Result "0-1"]
[WhiteElo "2113"]
[BlackElo "2529"]

1.d4 Nf6 2.Bg5 d5 3.Bxf6 gxf6 4.c4 c6 5.e3 e6 6.Nc3 Nd7 7.cxd5 cxd5 8.Bd3 f5
9.Nge2 a6 10.Nf4 Bd6 11.Qf3 Nf6 12.g3 Bd7 13.O-O Ne4 14.Bxe4 fxe4 15.Qh5 Qe7
16.Qh6 O-O-O 17.f3 exf3 18.Rxf3 Kb8 19.Raf1 f5 20.Kh1 Rhg8 21.Nd1 Rdf8 22.Nf2 Rf6
23.Qh3 Bc6 24.N2d3 Rc8 25.Ne2 Qg7 26.Nc3 Rg8 27.a3 Rh6 28.Qg2 e5 29.Rxf5 exd4
30.exd4 Bxg3 31.Rf7 Qh8 32.Qxg3+ Rxg3 33.Rf8+ Qxf8 34.Rxf8+ Ka7 35.Nb4 Rg4
36.Nxc6+ Rxc6 37.Rf5 Rxd4 38.Rh5 Rd2  0-1